King Lyrics - Florence and the Machine - Statistics

General Stats
  • This quiz has been taken 68 times
  • The average score is 241 of 290
Answer Stats
Lyrics % Correct
a
100%
am
98%
I
98%
king
98%
no
98%
bride
95%
have
95%
mother
95%
the
95%
The
95%
to
95%
my
93%
We
93%
in
91%
whether
91%
about
89%
children
89%
kitchen
89%
and
86%
argue
86%
go
86%
you
86%
be
84%
need
84%
of
84%
ambition
82%
golden
82%
is
82%
it
82%
swing
82%
echo
80%
sorrow
80%
sword
80%
with
80%
world
80%
at
77%
but
77%
empty
77%
grand
77%
mythology
77%
scale
77%
self
77%
that
77%
war
77%
your
77%
never
75%
sing
75%
thing
75%
are
73%
bloody
70%
halls
70%
how
70%
material
70%
when
70%
would
70%
best
68%
dazzling
68%
figured
68%
from
68%
heart
68%
most
68%
out
68%
what
68%
begins
66%
coming
66%
crown
66%
ending
66%
hurts
66%
just
66%
knew
66%
much
66%
really
66%
something
66%
strange
66%
think
66%
within
66%
woman
66%
worth?
66%
always
64%
find
64%
new
64%
pain
64%
art
61%
killer
61%
shape
61%
take
61%
very
61%
changeling
59%
diamond
59%
like
59%
me
59%
shifting
59%
skin
59%
rings
57%
these
57%
scratching
55%
on
52%
was
52%
rotten
50%
as
48%
claws
48%
good
48%
up
48%
let
45%
show
43%
by
41%
dress
41%
cause
39%
satisfied
39%
back
32%
hair
32%
grabbed
14%
wish
2%
No matching quizzes found
Score Distribution
Percent of People with Each Score
Percentile by Number Answered
Your Score History
You have not taken this quiz